[Event "POL-UKR Academic Match"]
[Site "Katowice POL"]
[Date "2014.10.08"]
[Round "1.7"]
[White "Golubka, Petro"]
[Black "Polok, Kacper"]
[Result "1-0"]
[WhiteElo "2389"]
[BlackElo "2213"]
[WhiteFideId "-1"]
[BlackFideId "-1"]
[PlyCount "105"]
[GameId "2130307665146348"]
[EventDate "2014.10.07"]
[EventType "team"]
[EventRounds "4"]
[EventCountry "POL"]
[SourceTitle "10 Days #414"]
[Source "Chess Mix"]

1. d4 Nf6 2. c4 e6 3. Nc3 Bb4 4. Qc2 Nc6 5. Nf3 d6 6. a3 Bxc3+ 7. Qxc3 O-O 8. b4 b6 9. g3 Bb7 10. Bg2 Ne7 11. O-O Rc8 12. Rd1 Be4 13. Bg5 Ng6 14. d5 Re8 15. Bh3 Bxf3 16. Qxf3 Ne5 17. Qb3 h6 18. Bf4 Ng6 19. Be3 Rb8 20. Rac1 e5 21. Qa4 a5 22. c5 axb4 23. cxb6 cxb6 24. Qxb4 Ne7 25. Qb5 Ne4 26. Rc4 Nc5 27. Rb4 f5 28. Rdb1 Kh8 29. Bg2 Rf8 30. Qc4 Ng6 31. a4 Qc7 32. Rb5 e4 33. Bd4 Ne7 34. f3 exf3 35. Bxf3 Qa7 36. Qc3 Ng6 37. a5 bxa5 38. Bxg7+ Qxg7 39. Qxg7+ Kxg7 40. Rxb8 Rxb8 41. Rxb8 Kf6 42. h4 Ne5 43. Rh8 Kg6 44. h5+ Kg5 45. Rg8+ Kf6 46. Rd8 Nc4 47. Rf8+ Ke5 48. e4 fxe4 49. Be2 Ne3 50. g4 a4 51. g5 Nd7 52. Rf7 a3 53. Rxd7 1-0

[Event "POL-UKR Academic Match"]
[Site "Katowice POL"]
[Date "2014.10.08"]
[Round "2.7"]
[White "Gumula, Daniel"]
[Black "Golubka, Petro"]
[Result "0-1"]
[WhiteElo "2254"]
[BlackElo "2389"]
[WhiteFideId "-1"]
[BlackFideId "-1"]
[PlyCount "106"]
[GameId "2129404781886078"]
[EventDate "2014.10.07"]
[EventType "team"]
[EventRounds "4"]
[EventCountry "POL"]
[SourceTitle "10 Days #414"]
[Source "Chess Mix"]

1. d4 Nf6 2. c4 e6 3. Nc3 Bb4 4. Qc2 Nc6 5. Nf3 d6 6. a3 Bxc3+ 7. Qxc3 a5 8. b3 O-O 9. Bb2 Ne4 10. Qc2 d5 11. g3 Bd7 12. Bg2 f5 13. O-O Be8 14. e3 Bh5 15. Ne1 Bf7 16. Nd3 a4 17. b4 dxc4 18. Nc5 Nxc5 19. dxc5 Qd3 $11 20. Rfc1 e5 21. Bf1 Qxc2 22. Rxc2 Rfd8 23. Rac1 Rd3 24. b5 Na5 25. Bxe5 Nb3 26. Re1 c6 27. bxc6 bxc6 28. Bd6 Bd5 29. f3 Nd2 30. Bxd3 Nxf3+ 31. Kf2 cxd3 32. Rb2 Nxh2 33. Reb1 Ng4+ 34. Ke1 Nxe3 35. Rb8+ Rxb8 36. Rxb8+ Kf7 37. Kd2 Nc4+ 38. Kxd3 Nxa3 39. Ra8 Be4+ 40. Kd2 Nb1+ 41. Kc1 a3 42. Be5 g5 43. Ba1 Kg6 44. Rg8+ Kh5 45. Bf6 h6 46. Bg7 a2 47. Ra8 Bd5 48. Rd8 Na3 49. Rd6 Kg4 50. Rxh6 Kxg3 51. Rg6 g4 52. Be5+ Kh3 53. Rf6 Nc4 0-1

[Event "POL-UKR Academic Match"]
[Site "Katowice POL"]
[Date "2014.10.09"]
[Round "4.19"]
[White "Wandzik, Wojciech"]
[Black "Golubka, Petro"]
[Result "1/2-1/2"]
[WhiteElo "2351"]
[BlackElo "2389"]
[WhiteFideId "-1"]
[BlackFideId "-1"]
[PlyCount "37"]
[GameId "2129404781886087"]
[EventDate "2014.10.07"]
[EventType "team"]
[EventRounds "4"]
[EventCountry "POL"]
[SourceTitle "10 Days #414"]
[Source "Chess Mix"]

1. e4 e5 2. Nf3 Nc6 3. Bb5 a6 4. Bxc6 dxc6 5. O-O f6 6. d4 exd4 7. Nxd4 c5 8. Ne2 Qxd1 9. Rxd1 Bd6 10. Bf4 Be6 11. Bxd6 O-O-O 12. Nbc3 cxd6 13. Nf4 Bf7 $11 14. Nfd5 Bxd5 15. Nxd5 Kd7 16. Rd2 Ne7 17. Rad1 Nxd5 18. Rxd5 Kc7 19. f3 $11 1/2-1/2

[Event "Lutsk Nebesna Sotnya Memorial"]
[Site "Lutsk"]
[Date "2014.07.26"]
[Round "2"]
[White "Golubka, Petro"]
[Black "Solovyov, Oleksandr"]
[Result "1-0"]
[WhiteElo "2397"]
[BlackElo "2176"]
[WhiteFideId "-1"]
[BlackFideId "-1"]
[PlyCount "68"]
[GameId "1166658453463040"]
[EventDate "2014.07.26"]
[EventType "swiss"]
[EventRounds "11"]
[EventCountry "UKR"]
[SourceTitle "CBM 161 Extra"]
[Source "ChessBase"]
[SourceDate "2014.08.29"]
[SourceVersion "1"]
[SourceVersionDate "2014.08.29"]
[SourceQuality "1"]

1. e4 c5 2. Nf3 Nc6 3. d4 cxd4 4. Nxd4 Nf6 5. Nc3 e5 6. Ndb5 d6 7. Bg5 a6 8. Bxf6 gxf6 9. Na3 b5 10. Nd5 f5 11. c3 Bg7 12. Nxb5 axb5 13. Bxb5 Bd7 14. exf5 O-O 15. O-O Kh8 16. Re1 Rg8 17. g3 Rb8 18. a4 Qg5 19. Ne3 Bf8 20. Qd5 Ne7 21. Qxd6 Bxb5 22. Qxb8 Bc6 23. Rad1 Bg7 24. Rd8 Bf6 25. Rxg8+ Nxg8 26. Qd6 Bb7 27. Qb4 Bc6 28. a5 Qh5 29. Qg4 Qh6 30. a6 Qf8 31. b4 Qa8 32. Qc4 Bf3 33. b5 Bg5 34. b6 Bxe3 1-0

[Event "Lutsk Nebesna Sotnya Memorial"]
[Site "Lutsk"]
[Date "2014.07.26"]
[Round "3"]
[White "Polishchuk, Oleg"]
[Black "Golubka, Petro"]
[Result "0-1"]
[WhiteElo "2251"]
[BlackElo "2397"]
[WhiteFideId "-1"]
[BlackFideId "-1"]
[PlyCount "90"]
[GameId "1166658453504000"]
[EventDate "2014.07.26"]
[EventType "swiss"]
[EventRounds "11"]
[EventCountry "UKR"]
[SourceTitle "CBM 161 Extra"]
[Source "ChessBase"]
[SourceDate "2014.08.29"]
[SourceVersion "1"]
[SourceVersionDate "2014.08.29"]
[SourceQuality "1"]

1. c4 e6 2. g3 d5 3. Bg2 Be7 4. Nf3 d4 5. O-O Nh6 6. e3 c5 7. b4 cxb4 8. Nxd4 O-O 9. a3 e5 10. Nb5 Nc6 11. Bb2 Be6 12. axb4 Bxc4 13. N1a3 Bxf1 14. Qxf1 Bxb4 15. d4 a6 16. d5 Nb8 17. Nc2 Ba5 18. Nba3 Nd7 19. Nc4 Rc8 20. Nxa5 Rxc2 21. Ba3 Ng4 22. Bxf8 Rxf2 23. Qd3 e4 24. Qd4 Nde5 25. Bxg7 Kxg7 26. h3 Qf6 27. hxg4 Rxg2+ 28. Kxg2 Qf3+ 29. Kh2 Qe2+ 30. Kg1 f6 31. Qxe4 Nf3+ 32. Qxf3 Qxf3 33. Kh2 Qxd5 34. Ra3 b6 35. Nb3 Qd3 36. e4 h6 37. Kh3 a5 38. Kh4 a4 39. Rxa4 Qxb3 40. Ra7+ Qf7 41. Ra6 b5 42. Rb6 Qd7 43. Kh5 Qe8+ 44. Kh4 Qxe4 45. Rxb5 Qd4 0-1

[Event "Lutsk Nebesna Sotnya Memorial"]
[Site "Lutsk"]
[Date "2014.07.26"]
[Round "5"]
[White "Golubka, Petro"]
[Black "Babiy, Igor"]
[Result "1/2-1/2"]
[WhiteElo "2397"]
[BlackElo "2184"]
[WhiteFideId "-1"]
[BlackFideId "-1"]
[PlyCount "49"]
[GameId "1166658453540864"]
[EventDate "2014.07.26"]
[EventType "swiss"]
[EventRounds "11"]
[EventCountry "UKR"]
[SourceTitle "CBM 161 Extra"]
[Source "ChessBase"]
[SourceDate "2014.08.29"]
[SourceVersion "1"]
[SourceVersionDate "2014.08.29"]
[SourceQuality "1"]

1. d4 d5 2. c4 c6 3. Nc3 Nf6 4. Nf3 e6 5. e3 Nbd7 6. Qc2 Bd6 7. Bd3 dxc4 8. Bxc4 b5 9. Bd3 Bb7 10. O-O O-O 11. a3 h6 12. b4 a5 13. Rb1 axb4 14. axb4 Re8 15. h3 Qe7 16. Bd2 e5 17. Nh4 exd4 18. exd4 Qd8 19. Nf5 Bf8 20. Bf4 Nb6 21. Be5 Bc8 22. Ne3 Be6 23. Ne4 Nxe4 24. Bxe4 Nd5 25. Qxc6 1/2-1/2

[Event "Lutsk Nebesna Sotnya Memorial"]
[Site "Lutsk"]
[Date "2014.07.26"]
[Round "7"]
[White "Golubka, Petro"]
[Black "Voronov, Yuri"]
[Result "1/2-1/2"]
[WhiteElo "2397"]
[BlackElo "2267"]
[WhiteFideId "-1"]
[BlackFideId "-1"]
[PlyCount "75"]
[GameId "1166658453581824"]
[EventDate "2014.07.26"]
[EventType "swiss"]
[EventRounds "11"]
[EventCountry "UKR"]
[SourceTitle "CBM 161 Extra"]
[Source "ChessBase"]
[SourceDate "2014.08.29"]
[SourceVersion "1"]
[SourceVersionDate "2014.08.29"]
[SourceQuality "1"]

1. e4 c5 2. Nf3 d6 3. d4 cxd4 4. Nxd4 Nf6 5. Nc3 a6 6. Be3 Ng4 7. Bg5 h6 8. Bh4 g5 9. Bg3 Bg7 10. h3 Nf6 11. Bc4 Qa5 12. O-O Qc5 13. Bb3 g4 14. hxg4 Bxg4 15. Nde2 Nh5 16. Bh2 Nc6 17. Qd2 Nf6 18. Kh1 Bxe2 19. Qxe2 Nd4 20. Qd1 Nxb3 21. axb3 O-O 22. Qe2 Rac8 23. Rad1 Qh5 24. Qxh5 Nxh5 25. Nd5 Rfe8 26. c3 Nf6 27. f3 Nxd5 28. Rxd5 Rc6 29. Rfd1 Rec8 30. b4 Bf8 31. Bf4 Kh7 32. g3 Kg6 33. Kg2 e6 34. R5d3 e5 35. Be3 f5 36. exf5+ Kxf5 37. Rh1 Kg6 38. Rd5 1/2-1/2

[Event "Visma IM-B"]
[Site "Vaxjo SWE"]
[Date "2014.06.25"]
[Round "1.14"]
[White "Cederstam Barsk, Carl"]
[Black "Golubka, Petro"]
[Result "1-0"]
[WhiteElo "2280"]
[BlackElo "2397"]
[WhiteFideId "-1"]
[BlackFideId "-1"]
[PlyCount "79"]
[GameId "2130307669813114"]
[EventDate "2014.06.25"]
[EventType "tourn"]
[EventRounds "9"]
[EventCountry "SWE"]
[EventCategory "2"]
[SourceTitle "10 Days #403"]
[Source "Chess Mix"]

1. c4 e6 2. Nc3 d5 3. d4 c5 4. cxd5 exd5 5. Nf3 Nc6 6. g3 Nf6 7. Bg2 Be7 8. O-O O-O 9. Bg5 cxd4 10. Nxd4 h6 11. Be3 Re8 12. Qa4 Na5 13. Nxd5 Nxd5 14. Bxd5 Bh3 15. Bg2 Bxg2 16. Kxg2 Qd5+ 17. Nf3 Nc4 18. Bd4 Bg5 19. Qd1 Nd2 20. h4 Nxf1 21. hxg5 Nxg3 22. Kxg3 Re4 23. e3 h5 24. Kg2 Rg4+ 25. Kf1 Qb5+ 26. Ke1 h4 27. a4 Qa5+ 28. Ke2 Re8 29. Qd3 a6 30. b3 Qd5 31. Rc1 b6 32. Qc4 Qf5 33. Qc6 Rge4 34. Nxh4 Qxg5 35. Nf3 Qh5 36. Rg1 g6 37. Qf6 Kf8 38. Qg7+ Ke7 39. Rg5 Qh3 40. Bf6+ 1-0

[Event "Visma IM-B"]
[Site "Vaxjo SWE"]
[Date "2014.06.26"]
[Round "2.12"]
[White "Golubka, Petro"]
[Black "Johansson, Linus"]
[Result "1/2-1/2"]
[WhiteElo "2397"]
[BlackElo "2338"]
[WhiteFideId "-1"]
[BlackFideId "-1"]
[PlyCount "113"]
[GameId "2130307669813117"]
[EventDate "2014.06.25"]
[EventType "tourn"]
[EventRounds "9"]
[EventCountry "SWE"]
[EventCategory "2"]
[SourceTitle "10 Days #403"]
[Source "Chess Mix"]

1. e4 e6 2. d4 d5 3. Nd2 c5 4. Ngf3 cxd4 5. exd5 Qxd5 6. Bc4 Qd6 7. O-O Nf6 8. Nb3 Nc6 9. Nbxd4 Nxd4 10. Nxd4 a6 11. c3 Qc7 12. Qe2 Bd6 13. h3 O-O 14. a4 b6 15. Bg5 Bb7 16. Bd3 Nd5 17. Be4 h6 18. Bd2 Nf6 19. Bxb7 Qxb7 20. Rfe1 Rfd8 21. Nf3 Qd5 22. c4 Qb7 23. a5 Rdc8 24. axb6 Qxb6 25. Bc3 Ne8 26. Ra4 Be7 27. Ne5 Bf6 28. c5 Qxc5 29. Rxa6 Rxa6 30. Qxa6 Rd8 31. Qa4 Bxe5 32. Bxe5 Nf6 33. Qh4 Qe7 34. b4 Nd5 35. Qxe7 Nxe7 36. Rb1 Rd5 37. Bc3 Rb5 38. Kf1 Nd5 39. Bd2 Kf8 40. Ke2 Ke7 41. Kd3 Kd6 42. Kc4 Kc6 43. Rc1 Rb7 44. g4 Kb6 45. Kb3 Rd7 46. Rc8 Kb7 47. Rf8 f6 48. Kc2 Kc6 49. Rb8 e5 50. Kb3 Kc7 51. Rf8 Kc6 52. h4 Kb5 53. Rb8+ Kc6 54. h5 Kc7 55. Ra8 Kb7 56. Rf8 Kc6 57. Rc8+ 1/2-1/2

[Event "Visma IM-B"]
[Site "Vaxjo SWE"]
[Date "2014.06.26"]
[Round "3.15"]
[White "Frisk, Ellinor"]
[Black "Golubka, Petro"]
[Result "1-0"]
[WhiteElo "2184"]
[BlackElo "2397"]
[WhiteFideId "-1"]
[BlackFideId "-1"]
[PlyCount "87"]
[GameId "2130307669813125"]
[EventDate "2014.06.25"]
[EventType "tourn"]
[EventRounds "9"]
[EventCountry "SWE"]
[EventCategory "2"]
[SourceTitle "10 Days #403"]
[Source "Chess Mix"]

1. Nf3 Nf6 2. c4 e6 3. g3 b6 4. Bg2 Bb7 5. O-O Be7 6. d4 O-O 7. d5 exd5 8. Nh4 c6 9. cxd5 Nxd5 10. Nf5 Nc7 11. e4 d5 12. Nc3 Nba6 13. Bf4 Re8 14. Qg4 g6 15. Nh6+ Kf8 16. Rad1 d4 17. Qf3 f6 18. Ne2 Ne6 19. Bh3 Nxf4 20. Nxf4 Bc8 21. Qb3 Kg7 22. Nf7 Qc7 23. Bxc8 Qxc8 24. Ne6+ Qxe6 25. Qxe6 Nc5 26. Qc4 b5 27. Qxd4 Kxf7 28. e5 f5 29. b4 Ne6 30. Qc3 c5 31. bxc5 Bxc5 32. Rd7+ Re7 33. Rfd1 Rc8 34. Qb3 a6 35. Qd5 Rc7 36. Rxc7 Rxc7 37. Qa8 Be7 38. Qxa6 b4 39. Qa4 Rb7 40. Qb3 h5 41. Rc1 Rb6 42. Qd5 Ra6 43. Rc7 Rb6 44. Ra7 1-0

[Event "Visma IM-B"]
[Site "Vaxjo SWE"]
[Date "2014.06.27"]
[Round "4.15"]
[White "Gutzmann, Tobias"]
[Black "Golubka, Petro"]
[Result "1/2-1/2"]
[WhiteElo "2116"]
[BlackElo "2397"]
[WhiteFideId "-1"]
[BlackFideId "-1"]
[PlyCount "106"]
[GameId "2130307669813130"]
[EventDate "2014.06.25"]
[EventType "tourn"]
[EventRounds "9"]
[EventCountry "SWE"]
[EventCategory "2"]
[SourceTitle "10 Days #403"]
[Source "Chess Mix"]

1. d4 d5 2. c4 e6 3. Nf3 c5 4. e3 Nc6 5. Nc3 Nf6 6. a3 Ne4 7. Be2 Nxc3 8. bxc3 Be7 9. O-O O-O 10. a4 dxc4 11. Bxc4 Na5 12. Bd3 b6 13. Qc2 g6 14. Ne5 Bb7 15. Be4 Bxe4 16. Qxe4 Qc7 17. Ng4 Rad8 18. dxc5 h5 19. cxb6 Qc4 20. Qe5 Qe2 21. Qb5 Qxb5 22. axb5 axb6 23. Ne5 Bf6 24. Nc6 Nxc6 25. bxc6 Rc8 26. Ba3 Rfd8 27. Rad1 Rd5 28. Rxd5 exd5 29. Rd1 Bxc3 30. Rxd5 Rxc6 31. Kf1 f5 32. Ke2 Ba5 33. Rb5 Rc2+ 34. Kf3 Be1 35. Rb2 Rxb2 36. Bxb2 Kf7 37. Ke2 Bb4 38. Kd3 b5 39. e4 Ke6 40. f3 Bc5 41. Bc1 Bd6 42. h3 fxe4+ 43. Kxe4 b4 44. Kd4 h4 45. Bg5 Be7 46. Bf4 Kf5 47. Bc7 Bg5 48. Kc4 Bd2 49. Bd8 g5 50. Bc7 Be1 51. Bd6 Ke6 52. Bc7 Kf5 53. Bd6 Ke6 1/2-1/2

[Event "Visma IM-B"]
[Site "Vaxjo SWE"]
[Date "2014.06.27"]
[Round "5.15"]
[White "Golubka, Petro"]
[Black "Milchev, Nikolay"]
[Result "1-0"]
[WhiteElo "2397"]
[BlackElo "2422"]
[WhiteFideId "-1"]
[BlackFideId "-1"]
[PlyCount "120"]
[GameId "2130307669813135"]
[EventDate "2014.06.25"]
[EventType "tourn"]
[EventRounds "9"]
[EventCountry "SWE"]
[EventCategory "2"]
[SourceTitle "10 Days #403"]
[Source "Chess Mix"]

1. e4 c5 2. Nf3 d6 3. d4 cxd4 4. Nxd4 Nf6 5. Nc3 g6 6. Be3 Bg7 7. f3 O-O 8. Bc4 Nc6 9. Qd2 Bd7 10. Bb3 Rc8 11. O-O-O Ne5 12. h4 a6 13. h5 Nc4 14. Bxc4 Rxc4 15. hxg6 fxg6 16. Kb1 b5 17. e5 dxe5 18. Ne6 Bxe6 19. Qxd8 Rxd8 20. Rxd8+ Kf7 21. Bg5 h5 22. a3 Bf5 23. Re1 Nd7 24. Ra8 Rc6 25. Ra7 Bf6 26. Ne4 Bxe4 27. Rxe4 Nc5 28. Rxe5 Bxe5 29. Rxe7+ Kf8 30. Rxe5 Ne6 31. Be3 Kf7 32. c3 Ng7 33. Kc2 Nf5 34. Bg5 Nd4+ 35. Kd3 Ne6 36. Be3 Kf6 37. Rd5 g5 38. b3 h4 39. c4 bxc4+ 40. bxc4 Rc8 41. c5 Rb8 42. Kc4 Rb2 43. Rd2 Rb1 44. Rc2 Re1 45. Bd2 Rg1 46. c6 Ke5 47. Bb4 Rd1 48. Re2+ Kf5 49. Bd2 Rb1 50. Bc3 Rb5 51. Bd4 Ra5 52. Re4 Ra4+ 53. Kd5 Nc7+ 54. Kd6 Nb5+ 55. Kd7 Rc4 56. Be3 Rc3 57. a4 Rd3+ 58. Ke7 Nc7 59. Bc5 Nd5+ 60. Kf7 h3 1-0

[Event "Visma IM-B"]
[Site "Vaxjo SWE"]
[Date "2014.06.28"]
[Round "6.14"]
[White "Carstensen, Jacob"]
[Black "Golubka, Petro"]
[Result "1/2-1/2"]
[WhiteElo "2383"]
[BlackElo "2397"]
[WhiteFideId "-1"]
[BlackFideId "-1"]
[PlyCount "80"]
[GameId "2130307669813139"]
[EventDate "2014.06.25"]
[EventType "tourn"]
[EventRounds "9"]
[EventCountry "SWE"]
[EventCategory "2"]
[SourceTitle "10 Days #403"]
[Source "Chess Mix"]

1. d4 Nf6 2. c4 e6 3. g3 d5 4. Nf3 Be7 5. Bg2 O-O 6. O-O c5 7. cxd5 exd5 8. dxc5 Bxc5 9. a3 Ne4 10. Nfd2 Nf6 11. Nf3 h6 12. b4 Bb6 13. Bb2 Nc6 14. Nc3 Re8 15. Rc1 Be6 16. Na4 Ne4 17. Nxb6 Qxb6 18. Nd4 a5 19. Nxe6 fxe6 20. Bxe4 dxe4 21. Qd7 e5 22. Qd5+ Kh8 23. Qxe4 axb4 24. axb4 Nxb4 25. Rc4 Nc6 26. Rb1 Qd8 27. Bc1 Qd7 28. Be3 Ra2 29. Qd3 Qxd3 30. exd3 Ra3 31. Rcc1 Ne7 32. Rxb7 Nd5 33. Rcb1 Nxe3 34. fxe3 Rxd3 35. Rb8 Rxb8 36. Rxb8+ Kh7 37. Re8 Rxe3 38. Kf2 Re4 39. Kf3 Re1 40. Kf2 Re4 1/2-1/2

[Event "Visma IM-B"]
[Site "Vaxjo SWE"]
[Date "2014.06.28"]
[Round "7.14"]
[White "Golubka, Petro"]
[Black "Olofsson Dolk, Mattis"]
[Result "1-0"]
[WhiteElo "2397"]
[BlackElo "2140"]
[WhiteFideId "-1"]
[BlackFideId "-1"]
[PlyCount "77"]
[GameId "2130307669813144"]
[EventDate "2014.06.25"]
[EventType "tourn"]
[EventRounds "9"]
[EventCountry "SWE"]
[EventCategory "2"]
[SourceTitle "10 Days #403"]
[Source "Chess Mix"]

1. e4 c5 2. Nf3 d6 3. d4 cxd4 4. Nxd4 Nf6 5. Nc3 a6 6. Be3 e5 7. Nf3 Be7 8. Bc4 O-O 9. O-O Be6 10. Bb3 Qc7 11. Re1 Bxb3 12. axb3 Nbd7 13. Nh4 Rfc8 14. Nf5 Bf8 15. g4 Nc5 16. Bxc5 Qxc5 17. g5 Nd7 18. b4 Qc7 19. Qg4 Nb6 20. Rad1 Qd8 21. Rd3 g6 22. Ne3 Be7 23. h4 Nc4 24. Nxc4 Rxc4 25. b3 Rc6 26. Qd1 Rac8 27. Ree3 h6 28. Qg4 h5 29. Qh3 b5 30. Kg2 Kg7 31. Rf3 Kg8 32. Kf1 Kg7 33. Kg2 Kg8 34. Nd5 Rxc2 35. Rxf7 Kxf7 36. Rf3+ Kg7 37. Qe6 Qf8 38. Nxe7 Qe8 39. Rf6 1-0

[Event "Visma IM-B"]
[Site "Vaxjo SWE"]
[Date "2014.06.29"]
[Round "8.12"]
[White "Bellon Lopez, Juan Manuel"]
[Black "Golubka, Petro"]
[Result "1/2-1/2"]
[WhiteElo "2401"]
[BlackElo "2397"]
[WhiteFideId "-1"]
[BlackFideId "-1"]
[PlyCount "91"]
[GameId "2130307669813147"]
[EventDate "2014.06.25"]
[EventType "tourn"]
[EventRounds "9"]
[EventCountry "SWE"]
[EventCategory "2"]
[SourceTitle "10 Days #403"]
[Source "Chess Mix"]

1. d4 d5 2. Nf3 e6 3. e3 c5 4. c4 Nc6 5. Nc3 Nf6 6. a3 Ne4 7. Bd3 Nxc3 8. bxc3 Na5 9. cxd5 exd5 10. O-O Be7 11. e4 cxd4 12. cxd4 O-O 13. exd5 Qxd5 14. Re1 Bf6 15. Bg5 Bg4 16. Bxf6 Bxf3 17. gxf3 gxf6 18. Rb1 a6 19. Be4 Qh5 20. f4 Qxd1 21. Rexd1 Rfe8 22. f3 Rad8 23. a4 Re7 24. Kf2 Red7 25. Rb6 Rxd4 26. Rxd4 Rxd4 27. Rxf6 Rxa4 28. Bd5 Rd4 29. Rf5 Nc4 30. Bxb7 Rd2+ 31. Ke1 Rxh2 32. Bxa6 Ne3 33. Rg5+ Kf8 34. Bd3 h5 35. Re5 Ng2+ 36. Kf1 Nxf4 37. Bc4 Rc2 38. Re4 Rc1+ 39. Kf2 Nh3+ 40. Kg3 Ng5 41. Rh4 Rg1+ 42. Kf2 Nxf3 43. Kxf3 Rg4 44. Rxg4 hxg4+ 45. Kxg4 f5+ 46. Kxf5 1/2-1/2

[Event "Visma IM-B"]
[Site "Vaxjo SWE"]
[Date "2014.06.29"]
[Round "9.13"]
[White "Golubka, Petro"]
[Black "Lokander, Martin"]
[Result "1-0"]
[WhiteElo "2397"]
[BlackElo "2306"]
[WhiteFideId "-1"]
[BlackFideId "-1"]
[PlyCount "107"]
[GameId "2130307669813153"]
[EventDate "2014.06.25"]
[EventType "tourn"]
[EventRounds "9"]
[EventCountry "SWE"]
[EventCategory "2"]
[SourceTitle "10 Days #403"]
[Source "Chess Mix"]

1. e4 c5 2. Nf3 d6 3. d4 cxd4 4. Nxd4 Nf6 5. Nc3 g6 6. Be3 a6 7. f3 b5 8. Qd2 Bb7 9. g4 Nbd7 10. g5 Nh5 11. O-O-O Bg7 12. Nce2 Ne5 13. Ng3 Rc8 14. Nxh5 gxh5 15. Nf5 Rg8 16. Qf2 Qa5 17. Kb1 Bh8 18. Rxd6 Nxf3 19. Qxf3 Qb4 20. Rd4 Bxd4 21. Nxd4 Qe1+ 22. Bc1 Qxe4 23. Bg2 Qxf3 24. Bxf3 Bxf3 25. Nxf3 Rg6 26. c3 Re6 27. Nd4 Re4 28. a3 e6 29. Rf1 Rh4 30. Nf3 Re4 31. Rf2 Rc5 32. Nd4 Re1 33. Kc2 Rce5 34. Bd2 Rh1 35. Kd3 Rb1 36. Kc2 Rh1 37. b3 Re4 38. Nf3 h4 39. Rg2 h3 40. Rg3 Re2 41. Kd3 Rg2 42. Rxh3 Ra1 43. Rxh7 Rxa3 44. Ne5 Rxb3 45. Be3 Kf8 46. g6 fxg6 47. Nd7+ Ke8 48. Nf6+ Kd8 49. Bb6+ Kc8 50. Rc7+ Kd8 51. Rf7+ Kc8 52. Ne4 b4 53. Nd6+ Kb8 54. Rf8# 1-0

[Event "Lvov Maksym Yusupov Memorial 2nd"]
[Site "Lvov"]
[Date "2014.03.14"]
[Round "1"]
[White "Babiy, Olga"]
[Black "Golubka, Petro"]
[Result "0-1"]
[WhiteElo "2303"]
[BlackElo "2396"]
[WhiteFideId "-1"]
[BlackFideId "-1"]
[PlyCount "100"]
[GameId "1166657979658240"]
[EventDate "2014.03.14"]
[EventType "tourn"]
[EventRounds "9"]
[EventCountry "UKR"]
[EventCategory "1"]
[SourceTitle "CBM 159 Extra"]
[Source "ChessBase"]
[SourceDate "2014.04.24"]
[SourceVersion "1"]
[SourceVersionDate "2014.04.24"]
[SourceQuality "1"]

1. e4 e5 2. Nf3 Nc6 3. Bc4 Nf6 4. d3 Bc5 5. c3 Bb6 6. O-O d6 7. b4 O-O 8. a4 a5 9. b5 Ne7 10. Bg5 c6 11. Nbd2 d5 12. Bb3 dxe4 13. Nxe5 exd3 14. Ndc4 Bc7 15. Bxf6 gxf6 16. Nxd3 Ng6 17. bxc6 bxc6 18. Qf3 Rb8 19. Rab1 Be6 20. Nc5 Bd5 21. Qg4 f5 22. Qd4 Nf4 23. Rb2 Bxg2 24. Qxd8 Rfxd8 25. Rd1 Rd5 26. Ne3 Rxc5 27. Nxg2 Nd5 28. Rdb1 Nxc3 29. Bxf7+ Kxf7 30. Rxb8 Bxb8 31. Rxb8 Nxa4 32. Nf4 Rb5 33. Ra8 Nc5 34. Ra7+ Nb7 35. Nd3 Ke6 36. Rxb7 Rxb7 37. Nc5+ Kd5 38. Nxb7 a4 39. Kf1 a3 40. Na5 c5 41. Nb3 Kc4 42. Nc1 Kc3 43. Ke2 Kc2 44. Na2 Kb2 45. Kd2 Kxa2 46. Kc2 h5 47. h4 f4 48. f3 c4 49. Kc1 Kb3 50. Kb1 Kc3 0-1

[Event "Lvov Maksym Yusupov Memorial 2nd"]
[Site "Lvov"]
[Date "2014.03.17"]
[Round "7"]
[White "Lornye, Pylyp"]
[Black "Golubka, Petro"]
[Result "1/2-1/2"]
[WhiteElo "2236"]
[BlackElo "2396"]
[WhiteFideId "-1"]
[BlackFideId "-1"]
[PlyCount "79"]
[GameId "1166657979781120"]
[EventDate "2014.03.14"]
[EventType "tourn"]
[EventRounds "9"]
[EventCountry "UKR"]
[EventCategory "1"]
[SourceTitle "CBM 159 Extra"]
[Source "ChessBase"]
[SourceDate "2014.04.24"]
[SourceVersion "1"]
[SourceVersionDate "2014.04.24"]
[SourceQuality "1"]

1. Nf3 d5 2. g3 c5 3. Bg2 Nc6 4. O-O Nf6 5. d3 g6 6. Nbd2 Bg7 7. e4 O-O 8. c3 dxe4 9. dxe4 Ng4 10. Qe2 Rb8 11. Rd1 Qc7 12. h3 Nge5 13. Nxe5 Nxe5 14. f4 Nc6 15. Nc4 b6 16. Ne3 e6 17. e5 Bb7 18. Nc4 Ne7 19. Bxb7 Qxb7 20. Nd6 Qc6 21. Be3 Rbd8 22. Bf2 Nd5 23. c4 Ne7 24. Rd2 Nf5 25. Rad1 Nxd6 26. Rxd6 Rxd6 27. Rxd6 Qc8 28. Qd3 f6 29. exf6 Bxf6 30. b3 Rd8 31. Rxd8+ Qxd8 32. Qxd8+ Bxd8 33. Kg2 Kf7 34. Kf3 e5 35. fxe5 Ke6 36. Ke4 Bc7 37. g4 Bxe5 38. a4 h5 39. gxh5 gxh5 40. Be3 1/2-1/2

[Event "Maksym Yusupov mem."]
[Site "Lvov UKR"]
[Date "2014.03.14"]
[Round "2"]
[White "Golubka, Petro"]
[Black "Matviishen, Viktor"]
[Result "1-0"]
[WhiteElo "2396"]
[BlackElo "2124"]
[WhiteFideId "-1"]
[BlackFideId "-1"]
[PlyCount "37"]
[GameId "2130307673844652"]
[EventDate "2014.03.14"]
[EventType "tourn"]
[EventRounds "9"]
[EventCountry "UKR"]
[EventCategory "1"]
[SourceTitle "CBM 159 Extra"]
[Source "ChessBase"]
[SourceDate "2014.04.24"]
[SourceVersion "1"]
[SourceVersionDate "2014.04.24"]
[SourceQuality "1"]

1. e4 c5 2. Nf3 Nc6 3. Bb5 d6 4. O-O Bd7 5. Re1 a6 6. Bxc6 Bxc6 7. d4 cxd4 8. Qxd4 Nf6 9. Bg5 e6 10. Nc3 Be7 11. Rad1 O-O 12. a3 Rc8 13. h3 b5 14. Qe3 Qc7 15. e5 dxe5 16. Nxe5 Nd5 17. Nxd5 Bxg5 18. Nxc7 Bxe3 19. Rxe3 1-0

[Event "Maksym Yusupov mem."]
[Site "Lvov UKR"]
[Date "2014.03.15"]
[Round "3"]
[White "Nester, Ihor"]
[Black "Golubka, Petro"]
[Result "0-1"]
[WhiteElo "2277"]
[BlackElo "2396"]
[WhiteFideId "-1"]
[BlackFideId "-1"]
[PlyCount "101"]
[GameId "2130307673844659"]
[EventDate "2014.03.14"]
[EventType "tourn"]
[EventRounds "9"]
[EventCountry "UKR"]
[EventCategory "1"]
[SourceTitle "CBM 159 Extra"]
[Source "ChessBase"]
[SourceDate "2014.04.24"]
[SourceVersion "1"]
[SourceVersionDate "2014.04.24"]
[SourceQuality "1"]

1. Nf3 Nf6 2. c4 e6 3. g3 b6 4. Bg2 Bb7 5. O-O Be7 6. Nc3 O-O 7. Re1 Ne4 8. Nxe4 Bxe4 9. d3 Bb7 10. e4 c5 11. d4 cxd4 12. Nxd4 d6 13. Qg4 Kh8 14. Be3 Nd7 15. Qe2 Nc5 16. f3 a6 17. b4 Nd7 18. f4 Rc8 19. Red1 Rc7 20. Nb3 Qa8 21. Bd4 Rfc8 22. Rac1 a5 23. bxa5 bxa5 24. Qh5 e5 25. Qxf7 Bf8 26. Ba1 a4 27. Nd2 Qa7+ 28. Kh1 Nc5 29. Qh5 Nd3 30. Bh3 Nf2+ 31. Kg2 Nxe4 32. Nxe4 Bxe4+ 33. Kf1 Bg6 34. Qe2 Re8 35. f5 Bf7 36. Bg2 Rec8 37. Bd5 Bxd5 38. Rxd5 Qb7 39. Qe4 Qa6 40. Kg2 Rxc4 41. Rxc4 Qxc4 42. Qxc4 Rxc4 43. Ra5 Kg8 44. Kf3 h5 45. Bb2 Rc2 46. Ba3 Rxa2 47. Bb4 Kf7 48. Ra6 Kf6 49. Ra8 Be7 50. Ra7 Rc2 51. Ba5 0-1